History - World | 4 | 3 | 0 | 0 | 90 | 14 | 67.57 | 2 | 2 |
History - Cross, Historiography, and Miscellaneous | 1 | 6 | 0 | 0 | 75 | 55 | 88.29 | 0 | 2 |
Literature - World and Miscellaneous | 1 | 4 | 0 | 0 | 55 | 26 | 93.80 | 0 | 1 |
History - European | 1 | 4 | 0 | 0 | 55 | 63 | 96.80 | 0 | 0 |
Literature - American | 2 | 2 | 0 | 0 | 50 | 58 | 71.25 | 0 | 0 |
Fine Arts - Music | 0 | 4 | 0 | 0 | 40 | 80 | 109.75 | 0 | 0 |
Literature - European | 0 | 4 | 0 | 0 | 40 | 74 | 107.00 | 0 | 0 |
Other - Other Academic and General Knowledge | 2 | 1 | 0 | 0 | 40 | 49 | 70.33 | 0 | 1 |
RMP - World Mythology | 1 | 2 | 0 | 0 | 35 | 80 | 106.00 | 0 | 0 |
Literature - British | 0 | 3 | 0 | 0 | 30 | 83 | 96.33 | 0 | 0 |
RMP - Islam | 0 | 3 | 0 | 0 | 30 | 88 | 96.33 | 0 | 0 |
Current Events - World | 1 | 1 | 0 | 0 | 25 | 36 | 48.00 | 1 | 1 |
Geography - World | 1 | 1 | 0 | 0 | 25 | 55 | 73.50 | 0 | 0 |
History - American | 1 | 1 | 0 | 0 | 25 | 17 | 62.50 | 0 | 0 |
Fine Arts - Sculpture | 0 | 2 | 0 | 0 | 20 | 94 | 102.00 | 0 | 0 |
Science - Physics | 0 | 2 | 0 | 0 | 20 | 80 | 99.00 | 0 | 0 |
RMP - Philosophy | 0 | 2 | 0 | 0 | 20 | 90 | 96.00 | 0 | 0 |
Geography - United States | 0 | 2 | 0 | 0 | 20 | 122 | 122.00 | 0 | 0 |
RMP - Hebrew Bible | 0 | 1 | 0 | 0 | 10 | 93 | 93.00 | 0 | 0 |
Social Science - Sociology | 0 | 1 | 0 | 0 | 10 | 75 | 75.00 | 0 | 0 |
Fine Arts - Opera | 0 | 1 | 0 | 0 | 10 | 87 | 87.00 | 0 | 0 |
Fine Arts - Miscellaneous | 0 | 1 | 0 | 0 | 10 | 135 | 135.00 | 0 | 0 |
RMP - Buddhism | 0 | 1 | 0 | 0 | 10 | 94 | 94.00 | 0 | 0 |
Fine Arts - Film | 0 | 1 | 0 | 0 | 10 | 142 | 142.00 | 0 | 0 |
Science - Biology | 0 | 1 | 0 | 0 | 10 | 106 | 106.00 | 0 | 0 |
Science - Earth | 0 | 1 | 0 | 0 | 10 | 55 | 55.00 | 0 | 0 |
Social Science - Psychology | 0 | 1 | 0 | 0 | 10 | 72 | 72.00 | 0 | 0 |
RMP - Jewish Practice | 0 | 1 | 0 | 0 | 10 | 71 | 71.00 | 0 | 0 |
Fine Arts - Jazz | 0 | 0 | 0 | 0 | 0 | | 0.00 | 0 | 0 |
Fine Arts - Photography | 0 | 0 | 0 | 0 | 0 | | 0.00 | 0 | 0 |
RMP - Christian Practice | 0 | 0 | 0 | 0 | 0 | | 0.00 | 0 | 0 |
Geography - Europe | 0 | 0 | 0 | 0 | 0 | | 0.00 | 0 | 0 |